Las plantas carnívoras /

Guardado en:
Autor Principal: Dawson, Genevieve
Formato: Libro
Publicado: Buenos Aires : Eudeba, 1965
Materias:
Etiquetas: Agregar Etiqueta
Sin Etiquetas, Sea el primero en etiquetar este registro!
LEADER 00678nam a22001695a 4500
001 CEM.cems001996
008 130507s1965##################000#0#####d
005 20240410101010.0
245 1 0 |a Las plantas carnívoras /  |c Genevieve Dawson 
260 |a Buenos Aires :  |b Eudeba,  |c 1965 
300 |a 93 p. 
505 0 |a Capacidad y condiciones de las plantas para la germinaci¢n.-Floraci¢n. -Relaciones de agua en las plantas.-Asimilaci¢n de carbono.-An lisis de crecimiento.-Relaciones nutricionales y metabolismo radical. 
100 1 |a Dawson, Genevieve 
082 0 4 |a 581.5 
653 |a Botanica 
653 |a Plantas carnivoras 
859 |a CEMS  |b BIB. CEMS - Agricultura  |h 581.5  |i D323  |p A9035.81  |t Ej.1